000 00429nam a2200145Ia 4500
008 100204s9999 xx 000 0 und d
082 _b6187
100 _aप्रभुदेसाई बाळकृष्ण
245 _aनायक
260 _b"मानसन्मान प्रकाशन , पुणे"
_c1983
300 _a132
630 _aनायक
730 _aनायक
942 _cBOOK
999 _c450656
_d450653